| 000 | 00513nam a2200205Ia 4500 | ||
|---|---|---|---|
| 008 | 170918s9999 xx 000 0 und d | ||
| 020 | _a9781597070768 | ||
| 050 | _bK26m 2007 | ||
| 100 | _aKeene, Carolyn | ||
| 245 | _aMonkey wrench blues / | ||
| 245 | _cseries by Carolyn Keene ; written by Stefan Petrucha. | ||
| 260 | _aChina : | ||
| 260 | _bPapercutz, | ||
| 260 | _c2007 | ||
| 300 | _aunpaged : | ||
| 300 | _bcolored illustrations ; | ||
| 300 | _c19cm. | ||
| 300 | _eNancy Drew ; | ||
| 440 | _a11 | ||
| 999 |
_c343383 _d343383 |
||